Drifting continents, shifting seas (Record no. 5844)

MARC details
000 -LEADER
fixed length control field 00655nam a2200205Ia 4500
003 - CONTROL NUMBER IDENTIFIER
control field IN-BaIIA
008 - FIXED-LENGTH DATA ELEMENTS--GENERAL INFORMATION
fixed length control field 211028s9999 xx 000 0 eng d
020 ## - INTERNATIONAL STANDARD BOOK NUMBER
International Standard Book Number 0-531-00848-7
040 ## - CATALOGING SOURCE
Transcribing agency IIA Library
080 ## - UNIVERSAL DECIMAL CLASSIFICATION NUMBER
Universal Decimal Classification number 551.24
Item number YOU
100 ## - MAIN ENTRY--PERSONAL NAME
Personal name Young, Patrick
9 (RLIN) 10119
245 #0 - TITLE STATEMENT
Title Drifting continents, shifting seas
Remainder of title an introduction to plate tectonics
Statement of responsibility, etc. Patrick Young and Rod Slater
260 ## - PUBLICATION, DISTRIBUTION, ETC.
Place of publication, distribution, etc. New York
Name of publisher, distributor, etc. Franklin Watts
Date of publication, distribution, etc. 1976
300 ## - PHYSICAL DESCRIPTION
Extent 89p.
650 ## - SUBJECT ADDED ENTRY--TOPICAL TERM
Topical term or geographic name entry element Astronomy and astrophysics thesaurus
650 ## - SUBJECT ADDED ENTRY--TOPICAL TERM
Topical term or geographic name entry element Geology
650 ## - SUBJECT ADDED ENTRY--TOPICAL TERM
Topical term or geographic name entry element Plate tectonics
9 (RLIN) 10120
700 ## - ADDED ENTRY--PERSONAL NAME
Personal name Young, Patrick
9 (RLIN) 10119
942 ## - ADDED ENTRY ELEMENTS (KOHA)
Koha item type Books
Holdings
Withdrawn status Lost status Damaged status Not for loan Home library Current library Shelving location Date acquired Total Checkouts Full call number Barcode Date last seen Price effective from Koha item type
        IIA Library-Bangalore IIA Library-Bangalore General Stacks 14/06/1978   551.24/ YOU 6537 05/11/2021 14/06/1978 Books

Powered by Koha